25 Longest tram networks in the world - Statistics

General Stats
  • This quiz has been taken 101 times
  • The average score is 14 of 25
Answer Stats
Ranking Length In Kilometers Number of stops Answer % Correct
5 193.6 803 Berlin
90%
2 208 196 Moscow
85%
3 205.5 232 St Petersburg
83%
7 177.1 1071 Vienna
81%
17 130.7 516 Warsaw
79%
1 250 1763 Melbourne
75%
12 142.4 596 Prague
74%
9 156.8 671 Budapest
70%
25 80.5 500 Amsterdam
69%
6 180.2 553 Milan
69%
13 139.2 488 Brussels
60%
19 122.7 623 Zurich
58%
14 139 598 Bucharest
57%
4 198 233 Cologne
56%
10 154 165 Sofia
48%
15 134.3 259 Dresden
46%
24 82 708 Toronto
45%
11 146.7 523 Leipzig
39%
16 131 201 Stuttgart
38%
21 116 256 Zagreb
36%
22 100 93 Manchester
35%
20 117 239 The Hague
27%
18 127 197 Hanover
26%
8 158.5 93 Los Angeles
25%
23 95 132 Gothenburg
17%
No matching quizzes found
Score Distribution
Percent of People with Each Score
Percentile by Number Answered
Your Score History
You have not taken this quiz